000 003780000a22001570004500
001 002048
003 MACL
040 _aMACL
090 _c14041
_d14040
100 _aLewis, Bernard
245 _aIslam In History
_bIdeas, People And Events In Middle East
_cBernard Lewis
260 _aBhavana Books & Prints,
_c2000
350 _a950
650 _aReligion
942 _k297
_cBook
999 _c13964
_d13964